History - European | 0 | 3 | 0 | 0 | 30 | 84 | 107.67 | 0 | 0 |
History - World | 2 | 0 | 0 | 0 | 30 | 32 | 37.50 | 1 | 2 |
History - American | 1 | 1 | 0 | 0 | 25 | 47 | 60.00 | 0 | 0 |
History - Cross, Historiography, and Miscellaneous | 1 | 0 | 0 | 0 | 15 | 29 | 29.00 | 0 | 1 |
Fine Arts - Photography | 1 | 0 | 0 | 0 | 15 | 34 | 34.00 | 0 | 1 |
Other - Other Academic and General Knowledge | 0 | 1 | 0 | 0 | 10 | 126 | 126.00 | 0 | 0 |
Fine Arts - Miscellaneous | 0 | 1 | 0 | 0 | 10 | 70 | 70.00 | 0 | 1 |
RMP - Jewish Practice | 0 | 1 | 0 | 0 | 10 | 128 | 128.00 | 0 | 0 |
Current Events - World | 0 | 1 | 0 | 0 | 10 | 124 | 124.00 | 0 | 0 |
RMP - World Mythology | 0 | 0 | 0 | 0 | 0 | | 0.00 | 0 | 0 |
Fine Arts - Architecture | 0 | 0 | 0 | 0 | 0 | | 0.00 | 0 | 0 |
Fine Arts - Jazz | 0 | 0 | 0 | 0 | 0 | | 0.00 | 0 | 0 |
Fine Arts - Music | 0 | 0 | 0 | 0 | 0 | | 0.00 | 0 | 0 |
Geography - World | 0 | 0 | 0 | 0 | 0 | | 0.00 | 0 | 0 |
RMP - Christian Practice | 0 | 0 | 0 | 0 | 0 | | 0.00 | 0 | 0 |
RMP - East Asian Religion | 0 | 0 | 0 | 0 | 0 | | 0.00 | 0 | 0 |
RMP - Islam | 0 | 0 | 0 | 0 | 0 | | 0.00 | 0 | 0 |
Current Events - U.S. | 0 | 0 | 0 | 0 | 0 | | 0.00 | 0 | 0 |